Second Afar Insurgency Quiz - Statistics

General Stats
  • This quiz has been taken 4 times
    3 since last reset
  • The average score is 4 of 7
Answer Stats
Hint Answer % Correct
What region of that country(It's in the name) Afar
100%
What country did it take place in Ethiopia
100%
What year did it start 1995
50%
What year did it end 2018
50%
Another big rebel group in the war. ARDUF
50%
One of the bigger rebel groups in the war RSADO
50%
Name someone who was caught in that war Me
0%
No matching quizzes found
Score Distribution
Percent of People with Each Score
Percentile by Number Answered
Your Score History
You have not taken this quiz since the last reset